Sencillos N°1 - ¡Muerte súbita! - Estadísticas

Estadísticas generales
  • Esta prueba ha sido intentada 918 veces
  • La puntuación promedio es 2 de 25
Answers on the Grid
Answers color-coded by a green-red scale on the quiz's grid according to % correct below.
Don't Stop Believin'
One Sweet Day
Thriller
Bette Davis Eyes
Material Girl
Physical
The Final Countdown
Eye of the Tiger
Smooth Criminal
Africa
Losing My Religion
Billie Jean
Bohemian Rhapsody
Don't Worry, Be Happy
Barbie Girl
I Will Always Love You
I Want It That Way
End of the Road
Whenever, Wherever
Gangsta's Paradise
Without Me
Wannabe
Toxic
Livin' La Vida Loca
Hung Up
Smoth
The Sweet Escape
SOS
Love Story
Bad Romance
Hips Don't Lie
Airplanes
Sexyback
What Makes You Beautiful
Empire State of Mind
Gagnam Style
Tik Tok
Thinking Out Loud
Locked Out of Heaven
Hotline Bling
Dark Horse
New Rules
The Hills
Dance Monkey
Despacito
Kiss Me More
SAD!
The Box
Watermelon Sugar
A Thousand Miles
 
Estadísticas de respuestas
Respuesta % Correcto
Despacito
32%
Billie Jean
16%
Livin' La Vida Loca
12%
Tik Tok
12%
Dark Horse
11%
Eye of the Tiger
10%
Watermelon Sugar
10%
Hips Don't Lie
9%
I Will Always Love You
9%
Africa
7%
Wannabe
7%
Don't Worry, Be Happy
6%
Gangsta's Paradise
6%
Locked Out of Heaven
6%
SAD!
5%
Empire State of Mind
4%
Physical
4%
SOS
4%
The Hills
3%
Sexyback
2%
The Box
2%
Bette Davis Eyes
1%
End of the Road
1%
Smoth
1%
One Sweet Day
0%
No se encontraron pruebas coincidentes
Distribución de puntuación
Porcentaje de gente con cada puntuación
Porcentaje por número respondido
Historial de tus puntuaciones
No has intentado esta prueba.